Phân tích tác phẩm ngữ văn 12
Nội dung tài liệu bao gồm 2 phần: những tri thức bổ trợ; phân tích tác phẩm (đoạn trích).
Đã lưu trong:
| Tác giả chính: | |
|---|---|
| Định dạng: | Sách |
| Ngôn ngữ: | Undetermined |
| Được phát hành: |
Hà Nội
Giáo dục Việt Nam
2013
|
| Những chủ đề: | |
| Các nhãn: |
Thêm thẻ
Không có thẻ, Là người đầu tiên thẻ bản ghi này!
|
| Thư viện lưu trữ: | Trung tâm Học liệu Trường Đại học Cần Thơ |
|---|
| LEADER | 00782nam a2200217Ia 4500 | ||
|---|---|---|---|
| 001 | CTU_191352 | ||
| 008 | 210402s9999 xx 000 0 und d | ||
| 020 | |c 36000 | ||
| 082 | |a 495.9220712 | ||
| 082 | |b Th311 | ||
| 100 | |a Trần, Nho Thìn | ||
| 245 | 0 | |a Phân tích tác phẩm ngữ văn 12 | |
| 245 | 0 | |c Trần Nho Thìn | |
| 260 | |a Hà Nội | ||
| 260 | |b Giáo dục Việt Nam | ||
| 260 | |c 2013 | ||
| 520 | |a Nội dung tài liệu bao gồm 2 phần: những tri thức bổ trợ; phân tích tác phẩm (đoạn trích). | ||
| 650 | |a Philology,Ngữ văn | ||
| 650 | |x Study and teaching (secondary),Dạy và học (Trung học) | ||
| 904 | |i Bằng | ||
| 980 | |a Trung tâm Học liệu Trường Đại học Cần Thơ | ||